Personnel management (Record no. 53408)

MARC details
000 -LEADER
fixed length control field 00497nam a2200145 a 4500
008 - FIXED-LENGTH DATA ELEMENTS--GENERAL INFORMATION
fixed length control field 120416s1978 ||||||||||||||||| || u
050 ## - LIBRARY OF CONGRESS CALL NUMBER
Classification number HF 5549 Bur
100 ## - MAIN ENTRY--PERSONAL NAME
Personal name Burack, Elmer H
245 10 - TITLE STATEMENT
Title Personnel management
246 ## - VARYING FORM OF TITLE
Title proper/short title cases and exercises
260 ## - PUBLICATION, DISTRIBUTION, ETC.
Place of publication, distribution, etc. St. Paul
Name of publisher, distributor, etc. West Publishing Co
Date of publication, distribution, etc. 1978
300 ## - PHYSICAL DESCRIPTION
Extent (xv) 4p.
350 ## - PRICE (NR) (BK AM CF MU VM SE) [OBSOLETE]
Price 0.00
995 ## - RECOMMENDATION 995 [LOCAL, UNIMARC FRANCE]
-- 0.00
-- CBU-MAIN LIBRARY (Kitwe)
-- 1
-- 0.00
-- AVAILABLE
-- Main Library Open Access Collection
Holdings
Withdrawn status Lost status Source of classification or shelving scheme Damaged status Not for loan Home library Current library Shelving location Date acquired Total Checkouts Full call number Barcode Date last seen Price effective from Koha item type
          CBU-MAIN LIBRARY, KITWE. CBU-MAIN LIBRARY, KITWE.   11/30/2022   HF 5549 Bur 006115 11/30/2022 11/30/2022 MONOGRAPH